000 00446nam a22001577a 4500
005 20250219085546.0
008 250219b |||||||| |||| 00| 0 eng d
020 _a9788171945207
050 _aHF5657
_b.4 KIS
100 _aKishore, Ravi M.
245 _aTaxmann's Financial management
_bcomprehensive textbook with case studies
250 _a7th
260 _aNew Delhi
_bTaxmann Publications Ltd
_cc2009
300 _a1293p
942 _2lcc
_cBK
_n0
999 _c3951
_d3951